01005nam a22002657a 4500003000400000005001700004008004100021020001800062020002500080040000800105082001300113100003300126245017500159246005100334250001700385260003000402300002100432500007500453650002400528700002900552700002300581942000900604952011100613999001500724IIN20250324164522.0250324b |||d|||| |||| 000 0 eng d a9788131270615 aeISBN: 9788131270622 aIIN a612bMAT aMathangi, Damal Chandrasekar aThe Mind Maps in Physiologybcomplimentary with Guyton and Hall Textbook of Medical PhysiologycDamal Chandrasekar Mathangi, Chinmay Jayprakash Shah and Swapnil Paralikar aGuyton and Hall Textbook of Medical Physiology a4th S.A. ed. aNew DelhibElsevierc2024 aix, 127 p.bill. aComplimentary book with Guyton and Hall Textbook of Medical Physiology aPhysiologyxMedical aShah, Chinmay Jayprakash aParalikar, Swapnil cBOOK 00102ddc40708PURCHaIINbIINcGENd2025-03-11l0o612 MATp1799r2025-03-24 16:45:57w2025-03-24yBOOK c1689d1689